00967nam a2200253 a 450000100060000000300080000600500170001400800410003102000470007203500190011904000270013804100080016508200260017324500770019926000640027630000350034049000460037550000890042150400410051065000350055165000350058671000210062171100710064267223BD-RjUL20211209081628.0170323s1975 ne a b 101 0 eng  a0444151818 (American Elsevier) :cfl 53.00 a(BD-RjUL)67354 aDLCcDLCdBD-RjULbeng aeng00a155.422223bPAR 197510aParent-infant interaction /cSymposium on the Parent-Infant Relationship aAmsterdam ;aNew York :bElsevier : Excerpta Medica,c1975. aviii, 324 p. :bill. ;c25 cm.1 aCiba Foundation Symposium ; (new ser.) 33 aProceedings of the symposium held at the Ciba Foundation, London, 5th-7th Nov. 1974. aIncludes bibliographies and indexes. 0aInfant psychologyxCongresses. 0aParent and infantxCongresses.2 aCiba Foundation. aSymposium on the Parent-Infant Relationship,cLondon, Eng.,d1974.